Lidé na křižovatce /

Bibliographic Details
Main Author: Pujmanová, Marie, 1893-1958
Format: Book
Language:Czech
Published: Praha : Československý Spisovatel, 1958.
Edition:[2. vyd.].

MARC

Tag First Indicator Second Indicator Subfields
LEADER 00000cam a2200000 a 4500
001 in00001402889
005 20151020053054.0
008 920930s1958 cs af 000 1 cze d
035 |a (OCoLC)26700330 
035 |9 AHM6928AM 
040 |a AUM  |c AUM  |d UtOrBLW 
049 |a TXAM 
090 |a PG5038.P8  |b L5 1958 
100 1 |a Pujmanová, Marie,  |d 1893-1958. 
245 1 0 |a Lidé na křižovatce /  |c Marie Pujmanová. 
250 |a [2. vyd.]. 
264 1 |a Praha :  |b Československý Spisovatel,  |c 1958. 
300 |a 327 pages, 18 unnumbered leaves of plates :  |b color illustrations ;  |c 25 cm. 
336 |a text  |b txt  |2 rdacontent 
337 |a unmediated  |b n  |2 rdamedia 
338 |a volume  |b nc  |2 rdacarrier 
500 |a Part 1 of the author's trilogy, the 2nd of which is: Hra s ohněm, and the 3rd: Zivot proti smrti. 
541 0 |a Donated by Mr. and Mrs. Peter Lampa. 
999 |a MARS 
999 f f |s 5066f9d0-029f-3b07-89c6-e34580e78c40  |i 48b8ff54-fae2-3089-a58e-1affcdae3aa4  |t 0 
952 f f |p ric  |a Texas A&M University  |b Rellis Campus  |c Joint Library Facility  |d Remote Storage  |t 0  |e PG5038.P8 L5 1958  |h Library of Congress classification  |i unmediated -- volume  |m A14822018466 
998 f f |a PG5038.P8 L5 1958  |t 0  |l Remote Storage